Geometric function theory in one and higher dimensions (Record no. 50285)
[ view plain ]
| 000 -LEADER | |
|---|---|
| fixed length control field | 00692 a2200241 4500 |
| 020 ## - INTERNATIONAL STANDARD BOOK NUMBER | |
| International Standard Book Number | 0-8247-0976-4 |
| 041 ## - LANGUAGE CODE | |
| Language code of text/sound track or separate title | Eng |
| 082 ## - DEWEY DECIMAL CLASSIFICATION NUMBER | |
| Classification number | 515.924 |
| Item number | G76g |
| 100 ## - MAIN ENTRY--PERSONAL NAME | |
| Personal name | Graham, Ian |
| 9 (RLIN) | 8710 |
| 100 ## - MAIN ENTRY--PERSONAL NAME | |
| Personal name | Kohr, Gabriela |
| 9 (RLIN) | 8711 |
| 245 ## - TITLE STATEMENT | |
| Title | Geometric function theory in one and higher dimensions |
| 260 ## - PUBLICATION, DISTRIBUTION, ETC. | |
| Place of publication, distribution, etc. | New York |
| Name of publisher, distributor, etc. | Marcel Dekker |
| Date of publication, distribution, etc. | 2003 |
| 300 ## - PHYSICAL DESCRIPTION | |
| Extent | xv, 530p. |
| 440 ## - SERIES STATEMENT/ADDED ENTRY--TITLE | |
| Title | Monographs and textbooks in pure and applied mathematics |
| 9 (RLIN) | 7890 |
| 504 ## - BIBLIOGRAPHY, ETC. NOTE | |
| Bibliography, etc. note | Bibliography: p.477-520 |
| 650 ## - SUBJECT ADDED ENTRY--TOPICAL TERM | |
| Topical term or geographic name entry element | Applied mathematics |
| 9 (RLIN) | 870 |
| 650 ## - SUBJECT ADDED ENTRY--TOPICAL TERM | |
| Topical term or geographic name entry element | Differential equation |
| 9 (RLIN) | 1827 |
| 650 ## - SUBJECT ADDED ENTRY--TOPICAL TERM | |
| Topical term or geographic name entry element | Mathematicians |
| 9 (RLIN) | 8712 |
| 653 ## - INDEX TERM--UNCONTROLLED | |
| Uncontrolled term | Complex variables |
| 942 ## - ADDED ENTRY ELEMENTS (KOHA) | |
| Source of classification or shelving scheme | Dewey Decimal Classification |
| Koha item type | General Collections |
| 518 ## - DATE/TIME AND PLACE OF AN EVENT NOTE | |
| -- | 2011-1-6 |
| 530 ## - ADDITIONAL PHYSICAL FORM AVAILABLE NOTE | |
| -- | M |
| Withdrawn status | Lost status | Source of classification or shelving scheme | Damaged status | Not for loan | Home library | Current library | Shelving location | Date acquired | Total Checkouts | Full call number | Barcode | Date last seen | Copy number | Price effective from | Koha item type |
|---|---|---|---|---|---|---|---|---|---|---|---|---|---|---|---|
| Dewey Decimal Classification | Tribhuvan University Central Library | Tribhuvan University Central Library | New Building | 01/06/2011 | 515.924 G76g | 138611 | 01/06/2011 | 1 | 01/06/2011 | General Collections |
